00950nam a22002657a 450000500170000001000130001702000220003003500130005203700160006504000120008108200130009310000300010624500610013625000110019726000700020827000680027830000200034649000460036650000510041265000270046365000330049094200220052399900190054595201200056420170124105925.0 aA-482163 c00.00a8185273073 aA-482163 bCen Lib/Ret aDPLbEN a020bRAN aRanganathan, S. R.974002 aThe five laws of library science /cby S. R. Ranganathan a2nd ed aBangalorebsarada Ranganathan Endowment for Library Sciencec1988 a432, 10th Cross, 18th Main Road, J. P. NagarbBangaloree560078 a449p.c22cm(Hb) aRanganathan series in library sciencev12 aIncludes bibliographical references and index aLibrary science974003 aLaws(Library science)974004 2ddccENh020mRAN c123418d123418 00104070aLbLd2015-06-06eCen Lib/Retg0.00l0o020 RANpA-482163r2015-06-06 00:00:00t1v0.00w2015-06-06yEN